El primer edén : Los dioses caídos.

Guardado en:
Autor Corporativo: BBC.
Formato: Deslizar
Series:La hora de la BBC
Materias:
Etiquetas: Agregar Etiqueta
Sin Etiquetas, Sea el primero en etiquetar este registro!
LEADER 01104ngm a22003255g 4500
001 CEM.cems021531
008 130507b1992##################0###0#####d
005 20240827155054.0
245 0 0 |a El primer edén :  |b Los dioses caídos. 
300 |a 56 
490 0 |a La hora de la BBC 
500 |a En soporte VHS, consultar en ventanilla. 
538 |a Soporte: VHS - Norma: Pal N - Color - Grabación Drd 1992 - Hitachi=4330 
505 0 |a Pinturas rupestres: significación. Vida de los hombres primitivos. Egipto: arte funerario, animales deificados. Ciclos de inundaciones del Nilo. Creta: organización político-social. Imperios de la antigüedad: comercio. 
110 2 |a BBC. 
082 5 7 |/ NAT-2 
653 |a ARQUEOLOGIA 
653 |a ARTE 
653 |a EGIPTO-ARTE 
653 |a HISTORIA 
653 |a PINTURAS RUPESTRES 
653 |a EGIPTO 
653 |a PINTURA 
653 |a RUPESTRE 
653 |a CRETA 
653 |a ARTE FUNERARIO 
653 |a NILO 
653 |a IMPERIOS 
653 |a NIVEL SECUNDARIO 
859 |a CEMS  |b BIB. CEMS - Depto. Recursos Didacticos  |h 572  |i NAT-2  |k DRD  |p 174.12  |t Ej.1